Estudios prácticos sobre contratación local / Jaime Sánchez Isac
ISBN:
84-7398-210-X
Colección:
Formularios y manuales prácticos
Materias:
Contractes administratius -- Espanya
MARC
| LEADER | 00000nam a2200000Ia 4500 | ||
|---|---|---|---|
| 001 | 13851 | ||
| 008 | 160829s1982 xx 000 0 cat d | ||
| 020 | |a 84-7398-210-X | ||
| 080 | |a M-4-55 | ||
| 100 | 1 | |a Sánchez Isac, Jaime |9 85 | |
| 245 | |a Estudios prácticos sobre contratación local / Jaime Sánchez Isac | ||
| 260 | |a Madrid : |b Civitas, |c 1982 | ||
| 490 | |a Formularios y manuales prácticos | ||
| 590 | |a Notes, referències bibliogràfiques. | ||
| 590 | |a Inclou legislació i jurisprudència. | ||
| 590 | |a Conté models de formularis administratius | ||
| 650 | |a Contractes administratius |x Espanya |9 23438 | ||
| 901 | |a Arxiu | ||
| 942 | |n 1 | ||
| 952 | |0 0 |1 0 |4 0 |6 M455 |7 1 |9 42745 |a Arxiu |b Arxiu |d 2016-12-01 |l 0 |o M-4-55 |p 13851 |r 2016-12-01 00:00:00 |w 2016-12-01 |y ARXIU | ||
| 999 | |c 45251 |d 45251 | ||